000 00419nam a2200181Ia 4500
001 14842
005 20260306164943.0
008 260306t2016||||xx |||||||||||||| ||spa||
041 _aESP
082 _a519.5
_bA59 2016
100 _aAnderson, David R.
_eAUT
245 0 _aEstadística para negocios y economía
260 _c2016
300 _a
_c
650 _aGEN
654 _aCMA
942 _cLIB
_dJUS
_fJUS
_2ddc
_n
999 _c14842
_d14842